| 000 | 00562nam a22001817a 4500 | ||
|---|---|---|---|
| 999 |
_c10499 _d10499 |
||
| 003 | GBCCL | ||
| 005 | 20241126110733.0 | ||
| 008 | 240911b ||||| |||| 00| 0 eng d | ||
| 040 | _cgbc | ||
| 082 |
_aVER 253.092 _bJAM |
||
| 100 |
_aThangkhansiam, T _915891 |
||
| 245 |
_aMuhkholhna khuampi : _bRev T Jamkhothang biography / _cT Thangkhansiam and Rev Dr Pum Za Thang Tombing |
||
| 260 |
_aLamka : _bJimmy Ginbiakthang Tombing, _c2024 |
||
| 300 | _a220p. ; | ||
| 600 |
_aT Jamkhothang _d1919-2004 _918272 |
||
| 650 |
_aPastors _vBiography _97307 |
||
| 942 |
_2ddc _cBK |
||